Paesi nominati nella pagina Wikipedia della Rep. Dem. del Congo - Statistics

Statistiche generali
  • Questo quiz è stato fatto 14 volte
  • Il punteggio medio è 27 su 37
Statistiche sulle risposte
Volte in cui viene nominato Indizio (basato sul motivo per cui lo stato è nominato nella pagina Wikipedia) Paese % Corretto
5 Paese confinante Ruanda
100%
2 Paese affiancato dal Congo nella lotta ai rivoluzionari cubani e sovietici in Africa occidentale Sudafrica
100%
3 Paese confinante Burundi
92%
2 Paese europeo alleato del Congo negli anni Ottanta Francia
92%
1 Tra il VI e l'VIII secolo si insediarono in Congo tribù Bantu provenienti da questo attuale paese Nigeria
92%
7 Paese che sostenne la dittatura di Mobutu Regno Unito
92%
3 Paese confinante Repubblica del Congo
92%
1 Paese confinante Tanzania
92%
2 Paese confinante Angola
83%
2 Paese che spalleggiò il Congo contro i ribelli Tutsi nella guerra civile del 1998 Angola
83%
1 Il Congo partecipò ai mondiali del 1974 in questo paese Germania
83%
4 L'ambasciatore di questo paese venne ucciso a Goma, in Congo, nel 2021 Italia
83%
2 Primo paese europeo a entrare in contatto con l'area del Congo Portogallo
83%
20 Paese nel quale si diffuse indignazione verso il regime coloniale che sfruttava la popolazione congolese Stati Uniti
83%
1 Quando il Congo divenne indipendente, si temette potesse scoppiare una guerra coloniale come quella in corso in questa colonia francese Algeria
75%
9 Paese di cui il Congo fu colonia e da cui ottenne l'indipendenza Belgio
75%
2 Ai mondiali del 1974 il Congo affrontò questa importante rappresentativa Brasile
75%
8 Paese col quale il Congo ha intessuto di recente importanti relazioni economiche Cina
75%
1 Paese presso il quale hanno sede rappresentanze diplomatiche accreditate per la RD del Congo Etiopia
75%
1 Paese che condivide tratti colturali con la RD del Congo Gabon
75%
1 Paese africano con una foresta pluviale più fitta di quella congolese Guinea
75%
1 Paese che spalleggiò il Congo contro i ribelli Tutsi nella guerra civile del 1998 Namibia
75%
1 Paese confinante Repubblica Centrafricana
75%
2 Paese confinante Uganda
75%
1 Paese che condivide tratti colturali con la RD del Congo Camerun
67%
6 Paese col quale il Congo ha intessuto di recente importanti relazioni economiche India
67%
1 Paese in cui fuggì e morì Mobutu dopo la caduta del suo governo Marocco
67%
1 Paese europeo che estese la sua sfera d'influenza su parti dell'attuale Congo Paesi Bassi
67%
1 Paese confinante Sudan del Sud
67%
3 Paese confinante Zambia
67%
2 Paese che spalleggiò il Congo contro i ribelli Tutsi nella guerra civile del 1998 Zimbabwe
67%
7 Paese che ha partecipato a programmi di addestramento per soldati e poliziotti congolesi Russia
58%
1 La RD del Congo ha 35 km di strada asfaltata ogni milione di abitanti; al confronto, questo paese africano ne ha 3427 km Botswana
50%
4 Paese che offre borse di studio universitarie per studenti congolesi Messico
50%
1 Paese cui il Congo di Mobutu fu molto vicino, grazie all'amicizia personale tra i rispettivi dittatori Romania
33%
1 Per evitare una guerra come in questo paese, nel 1965 gli USA permisero la salita al potere del dittatore Mobutu Vietnam
33%
1 La RD del Congo è il secondo paese più popoloso a non aver mai vinto una medaglia olimpica, dopo questo Bangladesh
25%
Nessun quiz corrispondente trovato
Distribuzione punteggi
Percentuale di utenti per punteggio
Percentile per numero di risposta
I tuoi punteggi nel tempo
Non hai fatto questo quiz